000 01078nam a2200181Ia 4500
008 151202s9999||||xx |||||||||||||| ||und||
082 _bPNVM-70122
100 _aधडफळे मो. गो.
245 _aमहाराष्ट्र चरित्र ग्रंथमाला संच ( बौध्दधर्म - भाष्यकार धर्मानंद कोसंबीे ).
260 _b"श्री गंधर्व - वेद प्रकाशन, पुणे."
260 _c70122
300 _a136
600 _aधडफळे मो. गो.
630 _aमहाराष्ट्र चरित्र ग्रंथमाला संच ( बौध्दधर्म - भाष्यकार धर्मानंद कोसंबीे ).
700 _aधडफळे मो. गो.
730 _aमहाराष्ट्र चरित्र ग्रंथमाला संच ( बौध्दधर्म - भाष्यकार धर्मानंद कोसंबीे ).
942 _cBOOK
999 _c1336632
_d1336629